000 00196 a2200097 4500
020 _a999245900x
041 _aspa
100 _aEdiciones De Pavsa
245 _aUna Enamorada Del Reino
942 _cBK
999 _c14595
_d14595